Real Life In London, Volumes I. and II. : (Record no. 249739)
[ view plain ]
| 000 -LEADER | |
|---|---|
| fixed length control field | 01275cam a22002893a 4500 |
| 001 - CONTROL NUMBER | |
| control field | 20484 |
| 003 - CONTROL NUMBER IDENTIFIER | |
| control field | PGUSA |
| 005 - DATE AND TIME OF LATEST TRANSACTION | |
| control field | 20140828083431.0 |
| 008 - FIXED-LENGTH DATA ELEMENTS--GENERAL INFORMATION | |
| fixed length control field | 070130s2007||||xxu|||||s|||||000 | eng d |
| 040 ## - CATALOGING SOURCE | |
| Original cataloging agency | PGUSA |
| Language of cataloging | eng |
| 042 ## - AUTHENTICATION CODE | |
| Authentication code | dc |
| 050 #4 - LIBRARY OF CONGRESS CALL NUMBER | |
| Classification number | DA |
| 100 1# - MAIN ENTRY--PERSONAL NAME | |
| Personal name | Egan, Pierce, |
| Dates associated with a name | 1772-1849 |
| 245 10 - TITLE STATEMENT | |
| Title | Real Life In London, Volumes I. and II. : |
| Remainder of title | Or, The Rambles And Adventures Of Bob Tallyho, Esq., And His Cousin, The Hon. Tom Dashall, Through The Metropolis; Exhibiting A Living Picture Of Fashionable Characters, Manners, And Amusements In High And Low Life (1821) |
| Medium | [electronic resource] / |
| Statement of responsibility, etc | Pierce Egan |
| 260 ## - PUBLICATION, DISTRIBUTION, ETC. (IMPRINT) | |
| Name of publisher, distributor, etc | Project Gutenberg, |
| Date of publication, distribution, etc | 2007 |
| 500 ## - GENERAL NOTE | |
| General note | The authorship of this work (originally published anonymously) is uncertain. It seems unlikely that it is really by Pierce Egan, but it may not be by John Badcock either. |
| 506 ## - RESTRICTIONS ON ACCESS NOTE | |
| Terms governing access | Public domain in the USA. |
| 516 ## - TYPE OF COMPUTER FILE OR DATA NOTE | |
| Type of computer file or data note | Electronic text |
| 653 ## - INDEX TERM--UNCONTROLLED | |
| Uncontrolled term | London (England) -- Social life and customs -- 19th century |
| 700 1# - ADDED ENTRY--PERSONAL NAME | |
| Personal name | Heath, William, |
| Dates associated with a name | 1795-1840 |
| 700 1# - ADDED ENTRY--PERSONAL NAME | |
| Personal name | Rowlandson, Thomas, |
| Dates associated with a name | 1756-1827 |
| 700 1# - ADDED ENTRY--PERSONAL NAME | |
| Personal name | Alken, Henry Thomas, |
| Dates associated with a name | 1784-1851 |
| 700 1# - ADDED ENTRY--PERSONAL NAME | |
| Personal name | Dighton, Richard, |
| Dates associated with a name | 1795-1880 |
| 830 #0 - SERIES ADDED ENTRY--UNIFORM TITLE | |
| Uniform title | Project Gutenberg |
| Volume number/sequential designation | 20484 |
| 856 40 - ELECTRONIC LOCATION AND ACCESS | |
| Uniform Resource Identifier | <a href="http://www.gutenberg.org/ebooks/20484">http://www.gutenberg.org/ebooks/20484</a> |
| 942 ## - ADDED ENTRY ELEMENTS (KOHA) | |
| Koha item type | eBooks |
| Withdrawn status | Lost status | Damaged status | Home library | Current library | Date acquired | Total Checkouts | Date last seen | Price effective from | Koha item type |
|---|---|---|---|---|---|---|---|---|---|
| Project Gutenberg | Project Gutenberg | 08/28/2014 | 08/28/2014 | 08/28/2014 | eBooks |